Инструкция по проектированию двухступенчатых бескомпрессорных систем кондиционирования воздуха; ВСН 30-77. Госгражданстрой

Λεπτομέρειες βιβλιογραφικής εγγραφής
Συγγραφή απο Οργανισμό/Αρχή: Государственный комитет по гражданскому строительству и архитектуре при Госстрое СССР (Госгражданстрой)
Γλώσσα:Ρωσικά
Έκδοση: Москва, Стройиздат, 1977
Έκδοση:Официальное изд.
Θέματα:
Μορφή: Βιβλίο
KOHA link:https://koha.lib.tpu.ru/cgi-bin/koha/opac-detail.pl?biblionumber=136780

MARC

LEADER 00000nam0a2200000 4500
001 136780
005 20231031140755.0
029 0 0 |a RU  |b 30-77 
035 |a (RuTPU)RU\TPU\book\148252 
035 |a RU\TPU\book\57204 
090 |a 136780 
100 |a 20080428d1977 k y0rusy50 ca 
101 0 |a rus 
102 |a RU 
105 |a a l 000zy 
200 1 |a Инструкция по проектированию двухступенчатых бескомпрессорных систем кондиционирования воздуха  |a ВСН 30-77. Госгражданстрой  |f Государственный комитет по гражданскому строительству и архитектуре при Госстрое СССР (Госгражданстрой) 
205 |a Официальное изд. 
210 |a Москва  |c Стройиздат  |d 1977 
215 |a 49 с. 
229 |a Введен 07.02.1977 
610 1 |a строительство 
610 1 |a жилые здания 
610 1 |a общественные здания 
610 1 |a ведомственные строительные нормы 
610 1 |a проектирование 
610 1 |a двухуровневые системы 
610 1 |a кондиционирование 
610 1 |a режим работы 
610 1 |a конструктивные решения 
675 |a 697(083)  |v 3 
712 0 2 |a Государственный комитет по гражданскому строительству и архитектуре при Госстрое СССР (Госгражданстрой)  |2 stltpush  |3 (RuTPU)RU\TPU\col\12688 
801 1 |a RU  |b 63413507  |c 20030819  |g PSBO 
801 2 |a RU  |b 63413507  |c 20221207  |g PSBO 
942 |c BK